[Event "Rated Blitz game"]
[Site "?"]
[Date "2021.05.30"]
[Round "?"]
[White "WattSchrott"]
[Black "Razario90"]
[Result "1-0"]
[WhiteElo "2485"]
[BlackElo "2419"]
[PlyCount "83"]
[EventDate "2021.??.??"]
[EventType "blitz"]

1. e4 e5 2. Nf3 d5 3. Nc3 dxe4 4. Nxe5 Bd6 5. Nc4 Nf6 6. d3 exd3 7. Bxd3 O-O 8.
Bg5 Re8+ 9. Ne3 h6 10. Bh4 Nc6 11. Qd2 Ne5 12. O-O-O Be6 13. Kb1 Be7 14. f4
Nxd3 15. Qxd3 Ng4 16. Qxd8 Bxd8 17. Nxg4 Bxg4 18. Rxd8 Raxd8 19. Bxd8 Rxd8 20.
Kc1 Rd4 21. g3 a6 22. Re1 Kf8 23. Re4 Rd6 24. Re5 f6 25. Rd5 Ke7 26. Rxd6 Kxd6
27. Kd2 Bf5 28. Nd1 c5 29. Ne3 Be4 30. c3 b5 31. a3 g5 32. b4 gxf4 33. gxf4 f5
34. Ke2 h5 35. Kf2 h4 36. Ke2 c4 37. Kf2 Ke6 38. Nf1 Kd5 39. Ke3 Bb1 40. Nd2
Be4 41. Nxe4 fxe4 42. h3 {Normal} 1-0

[Event "Rated Blitz tournament HWIB9OSV"]
[Site "?"]
[Date "2021.05.30"]
[Round "?"]
[White "Morlockk"]
[Black "EugenTripolsky"]
[Result "0-1"]
[WhiteElo "2364"]
[BlackElo "2403"]
[PlyCount "102"]
[EventDate "2021.??.??"]
[EventType "blitz"]

1. e4 e5 2. Nf3 d5 3. exd5 e4 4. Qe2 Nf6 5. d3 Be7 6. dxe4 O-O 7. Nc3 Re8 8.
Bd2 Bb4 9. O-O-O Bxc3 10. Bxc3 Nxe4 11. Qe1 Bf5 12. Bd3 Qxd5 13. Bxe4 Qxa2 14.
Bxf5 Rxe1 15. Rhxe1 Nc6 16. Rd7 Qa1+ 17. Kd2 Qa4 18. Nd4 Nxd4 19. Rxd4 Qc6 20.
Be4 Qh6+ 21. Kd1 Qh5+ 22. Bf3 Qxh2 23. Bxb7 Rb8 24. Bd5 Qh5+ 25. f3 h6 26. g4
Qg5 27. Rd3 a5 28. Be4 Rd8 29. Ree3 Rd6 30. Rxd6 cxd6 31. Rd3 Qc5 32. Rd5 Qg1+
33. Ke2 Qg2+ 34. Ke3 Qg1+ 35. Kd3 Qf1+ 36. Kd4 Qf2+ 37. Kc4 Qb6 38. Rb5 Qc7+
39. Kb3 a4+ 40. Kxa4 Qc4+ 41. Rb4 Qa6+ 42. Kb3 f6 43. Bd4 h5 44. Rb8+ Kf7 45.
Bd5+ Ke7 46. Rb7+ Kd8 47. c4 Kc8 48. gxh5 Qa1 49. Rxg7 Qd1+ 50. Kc3 Qe1+ 51.
Kc2 Qe2+ {Time forfeit} 0-1

[Event "Rated Blitz tournament HbGpH8wg"]
[Site "?"]
[Date "2021.05.30"]
[Round "?"]
[White "Degel05"]
[Black "om_gendut"]
[Result "0-1"]
[WhiteElo "2280"]
[BlackElo "2434"]
[PlyCount "72"]
[EventDate "2021.??.??"]
[EventType "blitz"]

1. e4 e5 2. Nf3 d5 3. Nc3 dxe4 4. Nxe4 Nf6 5. Nxf6+ Qxf6 6. d3 h6 7. Be2 Bd6 8.
Be3 O-O 9. O-O Nc6 10. Nd2 Qg6 11. Bf3 Bd7 12. Bh5 Qe6 13. Ne4 Be7 14. h3 b6
15. Bf3 Rae8 16. Nc3 Qg6 17. Be4 f5 18. Bd5+ Kh8 19. f4 Bd6 20. Qf3 Nd4 21.
Bxd4 exd4 22. Ne2 Qf6 23. Qf2 c5 24. a4 a5 25. c3 dxc3 26. bxc3 Re7 27. Rfe1
Rfe8 28. d4 cxd4 29. Nxd4 Rxe1+ 30. Rxe1 Rxe1+ 31. Qxe1 Bxf4 32. Qf2 Be5 33.
Ne2 Bxa4 34. c4 Bd6 35. Qxb6 Bh2+ 36. Kxh2 Qxb6 {Normal} 0-1

[Event "Rated Blitz game"]
[Site "?"]
[Date "2021.05.30"]
[Round "?"]
[White "Thomazzzzz"]
[Black "KinzyabulatovRenat"]
[Result "1-0"]
[WhiteElo "2457"]
[BlackElo "2362"]
[PlyCount "67"]
[EventDate "2021.??.??"]
[EventType "blitz"]

1. e4 e5 2. Nf3 d5 3. Nxe5 Bd6 4. d4 dxe4 5. Bf4 Nf6 6. Bc4 O-O 7. O-O Nc6 8.
Nxc6 bxc6 9. Bxd6 cxd6 10. d5 cxd5 11. Bxd5 Rb8 12. b3 Nxd5 13. Qxd5 Bb7 14.
Qd4 d5 15. Nc3 Rc8 16. Rad1 Qc7 17. Nxd5 Bxd5 18. Qxd5 Qxc2 19. a4 g6 20. h3
Rb8 21. Rb1 Rfd8 22. Qa5 Rd2 23. Qxa7 Rxb3 24. Rxb3 Qxb3 25. Qa8+ Kg7 26. Qxe4
Ra2 27. Qd4+ f6 28. Ra1 Rxa1+ 29. Qxa1 Qb6 30. a5 Qa6 31. Qa3 h5 32. Qe7+ Kh6
33. Qe3+ g5 34. Qb6 {Normal} 1-0

[Event "Rated Blitz tournament EwQZrwNA"]
[Site "?"]
[Date "2021.05.30"]
[Round "?"]
[White "zedyx"]
[Black "DarthZannah"]
[Result "0-1"]
[WhiteElo "2209"]
[BlackElo "2561"]
[PlyCount "68"]
[EventDate "2021.??.??"]
[EventType "blitz"]

1. e4 e5 2. Nf3 d5 3. c3 dxe4 4. Nxe5 Nf6 5. d4 Nbd7 6. Bf4 Nxe5 7. Bxe5 Bd6 8.
Bxd6 Qxd6 9. Be2 O-O 10. O-O Bf5 11. Nd2 Rfe8 12. Nc4 Qe7 13. Ne5 c6 14. f4 Nd5
15. Qd2 f6 16. Nc4 e3 17. Qe1 b5 18. Na5 Qc7 19. b4 Nxf4 20. Bf3 e2 21. Rf2 Nd3
22. Qd2 e1=Q+ 23. Rxe1 Rxe1+ 24. Rf1 Rxf1+ 25. Kxf1 Re8 26. g3 Bh3+ 27. Bg2
Re1+ 28. Qxe1 Bxg2+ 29. Kxg2 Nxe1+ 30. Kf2 Nd3+ 31. Ke3 Nc1 32. Nb3 Nxb3 33.
axb3 Qe7+ 34. Kd3 Qe1 {Normal} 0-1

[Event "Rated Blitz game"]
[Site "?"]
[Date "2021.05.30"]
[Round "?"]
[White "Grishuk2789"]
[Black "KinzyabulatovRenat"]
[Result "1-0"]
[WhiteElo "2540"]
[BlackElo "2354"]
[PlyCount "91"]
[EventDate "2021.??.??"]
[EventType "blitz"]

1. e4 e5 2. Nf3 d5 3. Nxe5 Bd6 4. d4 dxe4 5. Qe2 Nf6 6. Nc3 O-O 7. Bg5 Be7 8.
O-O-O Bf5 9. Bxf6 Bxf6 10. Nxe4 Re8 11. Nxf6+ Qxf6 12. Qb5 Nc6 13. Nxc6 bxc6
14. Qc5 Rad8 15. Kb1 Rd5 16. Qc4 Red8 17. Be2 Rxd4 18. Rxd4 Rxd4 19. Qc3 Qd6
20. h3 Rd2 21. Bd3 Rxd3 22. cxd3 Bxd3+ 23. Ka1 c5 24. Re1 h6 25. Qe5 c4 26.
Qxd6 cxd6 27. b3 c3 28. Re3 c2 29. Kb2 Bf5 30. g4 Bg6 31. Re7 a5 32. Ra7 d5 33.
Rxa5 d4 34. Rd5 d3 35. b4 Be4 36. Rd4 f5 37. b5 Kf7 38. a4 Ke6 39. a5 Ke5 40.
Rd8 fxg4 41. hxg4 g6 42. b6 h5 43. gxh5 gxh5 44. Rxd3 Bxd3 45. b7 h4 46. b8=Q+
{Normal} 1-0

[Event "Rated Blitz tournament HbGpH8wg"]
[Site "?"]
[Date "2021.05.30"]
[Round "?"]
[White "mrataque"]
[Black "om_gendut"]
[Result "1-0"]
[WhiteElo "2445"]
[BlackElo "2437"]
[PlyCount "135"]
[EventDate "2021.??.??"]
[EventType "blitz"]

1. e4 e5 2. Nf3 d5 3. exd5 e4 4. Ne5 Qxd5 5. d4 exd3 6. Nxd3 Nf6 7. Nc3 Qe6+ 8.
Qe2 Bd6 9. Qxe6+ Bxe6 10. Be3 Nc6 11. O-O-O O-O-O 12. Be2 Nb4 13. Nxb4 Bxb4 14.
Bxa7 Bxc3 15. bxc3 Bxa2 16. c4 b6 17. Kb2 Rxd1 18. Rxd1 Kb7 19. Bf3+ Kxa7 20.
Ra1 c6 21. Bxc6 Kb8 22. Rxa2 Kc7 23. Bf3 Kd6 24. Ra7 Rf8 25. Rb7 Kc5 26. Rc7+
Kd4 27. Kb3 g5 28. c3+ Ke5 29. Rb7 g4 30. Bd5 Nxd5 31. cxd5 Kxd5 32. Rxb6 f5
33. Rb7 h5 34. Rh7 Rb8+ 35. Kc2 Ra8 36. Kd3 Ra2 37. Ke3 Ke5 38. Rxh5 Rc2 39.
f4+ gxf3 40. Kxf3 Rxc3+ 41. Kf2 Rc2+ 42. Kg3 Rc3+ 43. Kh4 Kf4 44. g3+ Ke4 45.
Rh8 Rc2 46. Kg5 Rf2 47. Re8+ Kf3 48. Kxf5 Rxh2 49. g4 Ra2 50. g5 Ra5+ 51. Re5
Ra7 52. g6 Kg3 53. Kg5 Kf3 54. Rf5+ Ke4 55. Rf7 Ra1 56. g7 Ke3 57. Kg6 Rg1+ 58.
Kh7 Rh1+ 59. Kg8 Ke4 60. Kf8 Ra1 61. g8=Q Ra8+ 62. Kg7 Ra4 63. Qe8+ Kd3 64.
Qxa4 Ke2 65. Qg4+ Kd2 66. Rf3 Kc1 67. Qg2 Kb1 68. Rf1# {Normal} 1-0

[Event "Rated Blitz tournament 7wsz80Dw"]
[Site "?"]
[Date "2021.05.30"]
[Round "?"]
[White "Dynamische_Schnecke"]
[Black "Schachelite"]
[Result "1/2-1/2"]
[WhiteElo "2497"]
[BlackElo "2411"]
[PlyCount "133"]
[EventDate "2021.??.??"]
[EventType "blitz"]

1. e4 e5 2. Nf3 d5 3. exd5 e4 4. Qe2 Nf6 5. d3 Qxd5 6. Nbd2 Nc6 7. Nxe4 Be6 8.
Nxf6+ gxf6 9. Qe4 Qh5 10. Be2 O-O-O 11. Nd4 Qa5+ 12. Bd2 Rxd4 13. Bxa5 Rxe4 14.
dxe4 Nxa5 15. O-O-O Bd6 16. g3 f5 17. exf5 Bxf5 18. Rd5 Be4 19. Rxa5 Bxh1 20.
Rxa7 Kb8 21. Ra5 Be4 22. Rg5 Re8 23. Bc4 Bg6 24. Kd2 Re5 25. Rxe5 Bxe5 26. c3
c6 27. f4 Bd6 28. Ke3 Bc5+ 29. Kf3 Kc7 30. g4 f6 31. f5 Be8 32. h4 h6 33. Kf4
Be7 34. Be6 Kd6 35. Bc8 Kc7 36. Be6 Bd7 37. Bf7 Kd6 38. a4 c5 39. b3 Bc6 40.
Bc4 Bd5 41. Bd3 Bxb3 42. a5 c4 43. Be4 Kc7 44. Bd5 Bd6+ 45. Ke4 Bg3 46. g5 hxg5
47. hxg5 fxg5 48. f6 Kd6 49. Bxb7 Ke6 50. f7 Kxf7 51. Kf5 Bf4 52. a6 Be3 53. a7
Bxa7 54. Kxg5 Ke7 55. Kf4 Kd6 56. Ke4 Kc5 57. Bd5 Bb6 58. Be6 Ba5 59. Bf7 Bxc3
60. Ke3 Bb4 61. Ke2 c3 62. Bxb3 c2 63. Bxc2 Bc3 64. Bd3 Bd2 65. Bc2 Bc3 66. Bd3
Bd2 67. Kxd2 {Normal} 1/2-1/2

[Event "Rated Blitz tournament 9gVUPCUG"]
[Site "?"]
[Date "2021.05.30"]
[Round "?"]
[White "labestiatactica009"]
[Black "CaroyinixDiscomix"]
[Result "1-0"]
[WhiteElo "2519"]
[BlackElo "2399"]
[PlyCount "49"]
[EventDate "2021.??.??"]
[EventType "blitz"]

1. e4 e5 2. Nf3 d5 3. Nc3 dxe4 4. Nxe4 Nf6 5. Nxf6+ Qxf6 6. d4 e4 7. Ne5 Bd6 8.
Ng4 Qg6 9. Ne3 O-O 10. Be2 Nc6 11. c3 f5 12. g3 Bd7 13. Nd5 Rae8 14. Nf4 Qf7
15. h4 Kh8 16. Be3 Bxf4 17. gxf4 Be6 18. Qa4 Ne7 19. c4 a6 20. d5 Bc8 21. Qb3
b5 22. O-O-O bxc4 23. Bxc4 Qf6 24. h5 Bd7 25. h6 {Normal} 1-0

[Event "Rated Blitz game"]
[Site "?"]
[Date "2021.05.30"]
[Round "?"]
[White "Nodal1955"]
[Black "pasha1984"]
[Result "1-0"]
[WhiteElo "2463"]
[BlackElo "2395"]
[PlyCount "53"]
[EventDate "2021.??.??"]
[EventType "blitz"]

1. e4 e5 2. Nf3 d5 3. Nc3 dxe4 4. Nxe4 Bd6 5. Bc4 Nf6 6. d3 O-O 7. Bg5 Nbd7 8.
O-O h6 9. Bh4 a6 10. a4 Rb8 11. Nxd6 cxd6 12. d4 e4 13. Nd2 Qc7 14. Bb3 Qc6 15.
Nc4 b5 16. axb5 axb5 17. Ne3 d5 18. Bg3 Rb6 19. Nf5 Re8 20. Ra7 Ra6 21. Rc7 Qb6
22. Rxc8 Rxc8 23. Ne7+ Kh7 24. Nxc8 Qe6 25. Qe2 h5 26. Qxb5 h4 27. Bxh4 {Normal
} 1-0

[Event "Rated Blitz game"]
[Site "?"]
[Date "2021.05.30"]
[Round "?"]
[White "balilla"]
[Black "KinzyabulatovRenat"]
[Result "0-1"]
[WhiteElo "2467"]
[BlackElo "2367"]
[PlyCount "34"]
[EventDate "2021.??.??"]
[EventType "blitz"]

1. e4 e5 2. Nf3 d5 3. exd5 e4 4. Qe2 Nf6 5. Nc3 Be7 6. Nxe4 O-O 7. d6 cxd6 8.
d4 d5 9. Nxf6+ Bxf6 10. Be3 Bf5 11. O-O-O Nc6 12. a3 Rc8 13. Qd2 Bxc2 14. Qxc2
Na5 15. Bd3 Qb6 16. Kb1 Rxc2 17. Bxc2 Nc4 {Normal} 0-1

[Event "Rated Blitz game"]
[Site "?"]
[Date "2021.05.30"]
[Round "?"]
[White "storytellingwithGlen"]
[Black "annaly1979"]
[Result "0-1"]
[WhiteElo "2594"]
[BlackElo "2421"]
[PlyCount "86"]
[EventDate "2021.??.??"]
[EventType "blitz"]

1. e4 e5 2. Nf3 d5 3. Nc3 dxe4 4. Nxe4 f5 5. Nxe5 fxe4 6. Qh5+ g6 7. Nxg6 hxg6
8. Qxh8 Be6 9. d3 Nf6 10. Bh6 Bg8 11. Bg5 Kf7 12. dxe4 Bg7 13. Bc4+ Kf8 14.
Bxf6 Bxh8 15. Bxd8 Bxc4 16. Bxc7 Bxb2 17. Rb1 Bc3+ 18. Kd1 Na6 19. Bf4 Rd8+ 20.
Kc1 Nb4 21. Rxb4 Bxb4 22. Kb2 Kf7 23. h4 Ke6 24. Be3 a5 25. h5 a4 26. a3 Bf8
27. hxg6 Kf6 28. f4 Kxg6 29. g4 b5 30. e5 b4 31. f5+ Kf7 32. Rh7+ Kg8 33. Rh1
bxa3+ 34. Kc3 Rc8 35. Ra1 Be2+ 36. Kd4 Bxg4 37. Rg1 a2 38. Rxg4+ Kf7 39. Rg1
Rxc2 40. e6+ Kf6 41. Ke4 Re2 42. Kf3 Rxe3+ 43. Kxe3 Bc5+ {Normal} 0-1

[Event "Rated Blitz tournament sKGslBv1"]
[Site "?"]
[Date "2021.05.30"]
[Round "?"]
[White "niknikniknik"]
[Black "Artem_0degov"]
[Result "1-0"]
[WhiteElo "2426"]
[BlackElo "2582"]
[PlyCount "123"]
[EventDate "2021.??.??"]
[EventType "blitz"]

1. e4 e5 2. Nf3 d5 3. Nxe5 Bd6 4. d4 dxe4 5. Bc4 Bxe5 6. dxe5 Qxd1+ 7. Kxd1 Nc6
8. Bf4 Bg4+ 9. Kc1 O-O-O 10. Nc3 Nge7 11. Bxf7 Rhf8 12. e6 Bh5 13. Nxe4 Bxf7
14. exf7 Rxf7 15. Bg3 Nf5 16. b3 Re8 17. f3 h5 18. Kb2 Ne3 19. Rhe1 Nxg2 20.
Nd6+ cxd6 21. Rxe8+ Kd7 22. Rg8 h4 23. Rg1 hxg3 24. Rxg2 gxh2 25. Rxh2 Ne5 26.
Rh7 Kc6 27. Rgxg7 Rxg7 28. Rxg7 Nxf3 29. a4 Ne5 30. Kc3 a5 31. Kd4 b6 32. c3
Nf3+ 33. Ke3 Ne5 34. Rh7 Ng4+ 35. Kd4 Ne5 36. Rh5 Nf3+ 37. Ke3 Ne5 38. Ke4 Ng4
39. Rg5 Nf6+ 40. Kd4 Nd7 41. b4 axb4 42. cxb4 Nf8 43. b5+ Kd7 44. Rg7+ Ke6 45.
Rb7 Nd7 46. Rxd7 Kxd7 47. Kd5 Ke7 48. Kc6 Ke6 49. Kxb6 d5 50. Kc5 Ke5 51. b6 d4
52. b7 d3 53. b8=Q+ Ke4 54. Qd6 Ke3 55. Kc4 d2 56. Kc3 Ke2 57. Qxd2+ Kf1 58.
Qb2 Kg1 59. Kd3 Kh1 60. Ke3 Kg1 61. Kf3 Kf1 62. Qb1# {Normal} 1-0

[Event "Rated Blitz game"]
[Site "?"]
[Date "2021.05.30"]
[Round "?"]
[White "General_Maximus"]
[Black "Chesspirate_Channel"]
[Result "1-0"]
[WhiteElo "2463"]
[BlackElo "2435"]
[PlyCount "143"]
[EventDate "2021.??.??"]
[EventType "blitz"]

1. e4 e5 2. Nf3 d5 3. d3 dxe4 4. dxe4 Qxd1+ 5. Kxd1 Nc6 6. c3 f5 7. exf5 Bxf5
8. Be3 O-O-O+ 9. Kc1 Nf6 10. h3 Nd5 11. Bg5 Re8 12. Kd2 h6 13. Be3 Nf4 14. Kc1
g5 15. Nbd2 Bg7 16. g3 Nd3+ 17. Bxd3 Bxd3 18. h4 g4 19. Ne1 Bf5 20. Nc2 a5 21.
a4 Rd8 22. Na3 Bd3 23. Nac4 Rhf8 24. Re1 Rd7 25. Na3 Rfd8 26. Nb3 e4 27. Nc5
Ne5 28. Nxd7 Rxd7 29. Bd4 Nf3 30. Bxg7 Nxe1 31. Bxh6 Be2 32. Bd2 Nf3 33. Nb1
Bd3 34. Be3 Bc4 35. Nd2 Be2 36. h5 Ne5 37. Nxe4 Rd1+ 38. Kc2 Rxa1 39. h6 Bd3+
40. Kd2 Bxe4 41. Bd4 Nf3+ 42. Ke3 Bh7 43. Kf4 Nxd4 44. cxd4 Ra2 45. Kxg4 Rxb2
46. f4 Rb4 47. Kg5 Rxa4 48. f5 Rxd4 49. f6 a4 50. f7 a3 51. f8=Q+ Rd8 52. Qxa3
Be4 53. Qe7 Bb1 54. h7 b6 55. Qxd8+ Kxd8 56. h8=Q+ Kd7 57. Qd4+ Kc8 58. Kf6 Kb7
59. Ke7 Ba2 60. Kd8 c5 61. Qd6 Bc4 62. Qc7+ Ka6 63. Ke7 Kb5 64. Kd6 Ka4 65.
Qxb6 Bb3 66. Qxc5 Bg8 67. g4 Ba2 68. g5 Bb3 69. g6 Ba2 70. g7 Bb3 71. Qd4+ Ka3
72. Qa7+ {Time forfeit} 1-0

[Event "Rated Blitz game"]
[Site "?"]
[Date "2021.05.30"]
[Round "?"]
[White "Stealthx3d"]
[Black "annaly1979"]
[Result "1-0"]
[WhiteElo "2422"]
[BlackElo "2409"]
[PlyCount "59"]
[EventDate "2021.??.??"]
[EventType "blitz"]

1. e4 e5 2. Nf3 d5 3. Nxe5 Qe7 4. Nd3 dxe4 5. Nf4 g5 6. Nd5 Qe5 7. Nbc3 c6 8.
Ne3 f5 9. Be2 Nf6 10. Bh5+ Kd8 11. O-O g4 12. d4 Qd6 13. Bf7 h5 14. Nc4 Qe7 15.
Ne5 Nbd7 16. Bg5 Bg7 17. Bb3 Nxe5 18. dxe5+ Bd7 19. exf6 Bxf6 20. Bxf6 Qxf6 21.
Ne2 Kc7 22. Qd4 Qg5 23. Qe5+ Kb6 24. a4 Rae8 25. a5+ Ka6 26. Bc4+ b5 27. axb6+
Kxb6 28. Qa5+ Kb7 29. Qxa7+ Kc8 30. Rfd1 {Normal} 1-0

[Event "Rated Blitz tournament 9OMGYlYB"]
[Site "?"]
[Date "2021.05.30"]
[Round "?"]
[White "dmitrij_IM"]
[Black "tiberionsky"]
[Result "1-0"]
[WhiteElo "2809"]
[BlackElo "2216"]
[PlyCount "37"]
[EventDate "2021.??.??"]
[EventType "blitz"]

1. e4 e5 2. Nf3 d5 3. exd5 e4 4. Qe2 Nf6 5. d3 Be7 6. dxe4 O-O 7. Nc3 Re8 8.
Bg5 Bb4 9. Bxf6 Qxf6 10. Qc4 Bxc3+ 11. bxc3 Bd7 12. Bd3 b5 13. Qd4 Qg6 14. e5
Bf5 15. O-O Nd7 16. Nh4 Qg4 17. Nxf5 Qxd4 18. cxd4 g6 19. Ne3 {Normal} 1-0

[Event "Rated Blitz game"]
[Site "?"]
[Date "2021.05.30"]
[Round "?"]
[White "MarkovChains9"]
[Black "mirekkk14"]
[Result "1-0"]
[WhiteElo "2408"]
[BlackElo "2397"]
[PlyCount "39"]
[EventDate "2021.??.??"]
[EventType "blitz"]

1. e4 e5 2. Nf3 d5 3. Nxe5 dxe4 4. d4 exd3 5. Bxd3 Qe7 6. O-O Be6 7. Nc3 Nf6 8.
Re1 Nbd7 9. Bg5 Nxe5 10. Rxe5 O-O-O 11. Qe2 Kb8 12. Re1 Qd7 13. Bb5 c6 14. Bc4
Bxc4 15. Qxc4 Bd6 16. R5e2 Rde8 17. Bxf6 gxf6 18. Ne4 f5 19. Nf6 Bxh2+ 20. Kf1
{Normal} 1-0

[Event "Rated Blitz game"]
[Site "?"]
[Date "2021.05.30"]
[Round "?"]
[White "KRAPIK2100"]
[Black "GoughPhar"]
[Result "0-1"]
[WhiteElo "2388"]
[BlackElo "2464"]
[PlyCount "148"]
[EventDate "2021.??.??"]
[EventType "blitz"]

1. e4 e5 2. Nf3 d5 3. Nxe5 Bd6 4. d4 dxe4 5. Bc4 Bxe5 6. dxe5 Qxd1+ 7. Kxd1 Nc6
8. Bb5 Bg4+ 9. Ke1 O-O-O 10. Nc3 Nxe5 11. Be3 a6 12. Bf1 Nf6 13. Bg5 Bf5 14.
Be2 Rd6 15. Bf4 Re6 16. Rd1 Ng6 17. Be3 Rhe8 18. h3 h5 19. Bc4 R6e7 20. Bg5 Ne5
21. Bb3 Rd7 22. Rxd7 Nfxd7 23. Nd5 f6 24. Bd2 c6 25. Ne3 Be6 26. Bxe6 Rxe6 27.
Bc3 g6 28. Ke2 Rd6 29. Bb4 c5 30. Bc3 b5 31. b3 Kb7 32. Re1 Kc6 33. Kf1 b4 34.
Bb2 f5 35. g3 Rd2 36. Bc1 Rd6 37. Bb2 Nf3 38. Rc1 Nde5 39. h4 a5 40. Kg2 Rd2
41. Kf1 Ng4 42. Nxg4 hxg4 43. a3 Nd4 44. axb4 axb4 45. Bxd4 cxd4 46. Ke1 e3 47.
fxe3 dxe3 48. c3 Kb5 49. cxb4 Rg2 50. Rc3 Rxg3 51. Rc4 Rh3 52. Ke2 Rxh4 53.
Kxe3 Rh3+ 54. Ke2 Rxb3 55. Rc7 Kxb4 56. Rg7 Rf3 57. Rxg6 Kc4 58. Rd6 Kc5 59.
Rd8 Rf4 60. Rd1 Rd4 61. Rc1+ Kd5 62. Rc8 Ke4 63. Re8+ Kf4 64. Rh8 Re4+ 65. Kf2
Ra4 66. Re8 Ra2+ 67. Kg1 Kg3 68. Rb8 f4 69. Rb1 f3 70. Rf1 Rg2+ 71. Kh1 Rh2+
72. Kg1 f2+ 73. Rxf2 Rxf2 74. Kh1 Rf1# {Normal} 0-1

[Event "Rated Blitz tournament fDgPyuOd"]
[Site "?"]
[Date "2021.05.30"]
[Round "?"]
[White "Francesco1"]
[Black "lavilaine"]
[Result "0-1"]
[WhiteElo "2499"]
[BlackElo "2281"]
[PlyCount "134"]
[EventDate "2021.??.??"]
[EventType "blitz"]

1. e4 e5 2. Nf3 d5 3. Nxe5 Qe7 4. d4 f6 5. Nd3 dxe4 6. Nf4 Be6 7. Nxe6 Qxe6 8.
Be3 f5 9. Nc3 Nf6 10. d5 Qe5 11. Bb5+ c6 12. dxc6 bxc6 13. Bc4 Bc5 14. Qd2 Nbd7
15. O-O-O Bxe3 16. fxe3 O-O-O 17. Ba6+ Kc7 18. Rhf1 Nc5 19. Qe2 Rxd1+ 20. Rxd1
Rd8 21. Rxd8 Kxd8 22. Bc4 Nd5 23. Qd2 Kc7 24. Bxd5 cxd5 25. Nxd5+ Kb7 26. Qb4+
Kc6 27. Nc3 Qxh2 28. Qb5+ Kd6 29. b4 Ne6 30. Qb8+ Nc7 31. Nb5+ Kc6 32. Nxa7+
Kd7 33. b5 Qg1+ 34. Kb2 Qxe3 35. Nc6 Qc5 36. Qd8+ Ke6 37. Qxc7 Qxb5+ 38. Ka3
Qc5+ 39. Ka4 Qxc2+ 40. Kb5 Qb2+ 41. Kc5 Qa3+ 42. Kb6 Qb2+ 43. Kc5 Qc2+ 44. Kb6
Qb1+ 45. Ka7 Qxa2+ 46. Kb8 Qb3+ 47. Kc8 Kf6 48. Qe7+ Kg6 49. Ne5+ Kh5 50. Qxg7
Qe6+ 51. Kd8 Qd6+ 52. Ke8 Qb8+ 53. Ke7 Qc7+ 54. Nd7 e3 55. Qxh7+ Kg4 56. Qg6+
Kf4 57. Qh6+ Ke4 58. Qe6+ Kd3 59. Kf6 e2 60. Ne5+ Kd2 61. Nf3+ Kd1 62. Qd5+ Kc1
63. Qe5 Qxe5+ 64. Kxe5 Kd1 65. Kxf5 Kc2 66. g4 e1=Q 67. g5 Qf2 {Time forfeit}
0-1

[Event "Rated Blitz game"]
[Site "?"]
[Date "2021.05.30"]
[Round "?"]
[White "korse"]
[Black "Michael_Watts"]
[Result "1-0"]
[WhiteElo "2508"]
[BlackElo "2344"]
[PlyCount "40"]
[EventDate "2021.??.??"]
[EventType "blitz"]

1. e4 e5 2. Nf3 d5 3. Nxe5 Bd6 4. d4 dxe4 5. Nc4 Nc6 6. Nxd6+ Qxd6 7. c3 Nge7
8. Nd2 Bd7 9. Nxe4 Qg6 10. Nc5 O-O-O 11. Nxd7 Rxd7 12. Qd3 Qg4 13. h3 Qh5 14.
Be2 Qd5 15. Bf3 Qe6+ 16. Qe3 Qxe3+ 17. Bxe3 Nd5 18. Bg4 Nxe3 19. fxe3 Re8 20.
Kd2 g6 {Normal} 1-0

[Event "Rated Blitz tournament sbdUMgjJ"]
[Site "?"]
[Date "2021.05.30"]
[Round "?"]
[White "Doenertello"]
[Black "Korshun_2022"]
[Result "1-0"]
[WhiteElo "2506"]
[BlackElo "2410"]
[PlyCount "67"]
[EventDate "2021.??.??"]
[EventType "blitz"]

1. e4 e5 2. Nf3 d5 3. d4 dxe4 4. Nxe5 Bd6 5. Qe2 Nf6 6. Bg5 Be7 7. Bxf6 gxf6 8.
Nc4 Qxd4 9. Nc3 Be6 10. Nd2 f5 11. O-O-O Qf6 12. f3 exf3 13. Nxf3 Nd7 14. Qe3
Bc5 15. Qf4 O-O-O 16. Bb5 Nb6 17. Kb1 Rhg8 18. Ne4 Qe7 19. Nxc5 Qxc5 20. Bd3
Rxg2 21. Ne5 Qf2 22. Qb4 c5 23. Qc3 Nd5 24. Qa5 Nb4 25. Be4 Rd4 26. Qxc5+ Nc6
27. Qf8+ Kc7 28. Nxc6 Rxd1+ 29. Rxd1 bxc6 30. Qe7+ Kb6 31. Qb4+ Kc7 32. Qd6+
Kb7 33. Qxc6+ Kb8 34. Rd8+ {Normal} 1-0

[Event "Rated Blitz game"]
[Site "?"]
[Date "2021.05.30"]
[Round "?"]
[White "urbas"]
[Black "annaly1979"]
[Result "1-0"]
[WhiteElo "2492"]
[BlackElo "2417"]
[PlyCount "77"]
[EventDate "2021.??.??"]
[EventType "blitz"]

1. e4 e5 2. Nf3 d5 3. exd5 e4 4. Qe2 f5 5. Nd4 Nf6 6. c4 c5 7. Nb3 Bd6 8. Nc3
a6 9. d4 b6 10. dxc5 bxc5 11. Be3 Nbd7 12. O-O-O O-O 13. h3 f4 14. Bd2 Re8 15.
g4 Qc7 16. g5 e3 17. gxf6 Nxf6 18. fxe3 fxe3 19. Be1 Bf5 20. Qf3 Bg6 21. Bd3
Ne4 22. Nxe4 Bxe4 23. Bxe4 e2 24. Qxe2 Qe7 25. Bxh7+ Kxh7 26. Qxe7 Rxe7 27. Bf2
Rc8 28. Rhe1 Rf7 29. Be3 Rf3 30. Kd2 Rxh3 31. Rh1 Rxh1 32. Rxh1+ Kg6 33. Kd3 a5
34. Nxa5 Rb8 35. b3 Ra8 36. Nb7 Bf8 37. a4 Rc8 38. a5 Rc7 39. a6 {Normal} 1-0

[Event "Rated Blitz game"]
[Site "?"]
[Date "2021.05.30"]
[Round "?"]
[White "Finally_I_Won"]
[Black "GoughPhar"]
[Result "0-1"]
[WhiteElo "2401"]
[BlackElo "2455"]
[PlyCount "124"]
[EventDate "2021.??.??"]
[EventType "blitz"]

1. e4 e5 2. Nf3 d5 3. exd5 e4 4. Nd4 Qxd5 5. Nb3 Nf6 6. Nc3 Qe5 7. Be2 Nc6 8.
O-O Bd6 9. g3 Bf5 10. d4 exd3 11. Bxd3 Bxd3 12. Qxd3 O-O-O 13. Bf4 Qh5 14. Bxd6
Rxd6 15. Qe2 Qh3 16. Rfe1 Ng4 17. f3 Nge5 18. Ne4 Rh6 19. Ng5 Qh5 20. f4 Ng4
21. Nf3 Re6 22. Qg2 Ne3 23. Qf2 Rhe8 24. Nc5 Qxc5 25. c3 Qh5 26. h4 h6 27. b4
g5 28. fxg5 hxg5 29. b5 gxh4 30. bxc6 hxg3 31. Qd2 Qxf3 32. Rab1 Qf2+ 33. Qxf2
gxf2+ 34. Kxf2 Ng4+ 35. Kf1 Rxe1+ 36. Rxe1 Rxe1+ 37. Kxe1 bxc6 38. Ke2 Nf6 39.
Kd3 Kb7 40. Kc4 Kb6 41. a4 Nd7 42. a5+ Kxa5 43. Kd3 f5 44. c4 Kb4 45. c5 f4 46.
Ke2 Kxc5 47. Kf3 Kd4 48. Kxf4 c5 49. Kf3 c4 50. Ke2 c3 51. Kd1 Nc5 52. Kc1 Kc4
53. Kc2 c6 54. Kc1 Kb3 55. Kb1 c2+ 56. Kc1 Nd3+ 57. Kd2 c1=Q+ 58. Kxd3 Qf4 59.
Ke2 Kc2 60. Ke1 Qh2 61. Kf1 Kd3 62. Ke1 Qe2# {Normal} 0-1

[Event "Rated Blitz game"]
[Site "?"]
[Date "2021.05.30"]
[Round "?"]
[White "varaman"]
[Black "Chesspirate_Channel"]
[Result "1/2-1/2"]
[WhiteElo "2399"]
[BlackElo "2420"]
[PlyCount "116"]
[EventDate "2021.??.??"]
[EventType "blitz"]

1. e4 e5 2. Nf3 d5 3. Nxe5 Bd6 4. d4 dxe4 5. Nc3 Bxe5 6. dxe5 Qxd1+ 7. Nxd1 Nc6
8. Bf4 Nge7 9. Nc3 Ng6 10. Bg3 Bd7 11. O-O-O O-O-O 12. Nxe4 Ncxe5 13. h4 h6 14.
h5 f5 15. Nc5 f4 16. Bh2 Bg4 17. Rxd8+ Rxd8 18. f3 Bxh5 19. Bg1 Nxf3 20. gxf3
Bxf3 21. Bh3+ Kb8 22. Nd7+ Rxd7 23. Bxd7 Bxh1 24. Bd4 f3 25. Kd2 Nf4 26. Bxg7
a6 27. Ke3 h5 28. Kxf4 Bg2 29. Kg3 h4+ 30. Kf2 h3 31. Be5 b5 32. Bg4 h2 33.
Bxh2 Ka7 34. Bxf3 Bh3 35. Bg1 Kb6 36. Kg3+ Ka5 37. Kxh3 Ka4 38. Kg4 a5 39. Bc6
Kb4 40. Bd4 Kc4 41. c3 b4 42. Kf5 Kd3 43. cxb4 axb4 44. Bf6 Kc4 45. Ke6 Kc5 46.
Kd7 Kb6 47. Be5 b3 48. Bxc7+ Ka6 49. axb3 Ka7 50. Bd6 Ka6 51. b4 Ka7 52. b5 Kb6
53. Be5 Ka5 54. Bd4 Kb4 55. b6 Kb3 56. b7 Ka2 57. b8=Q Kb1 58. Qb3 Ka1 {
Time forfeit} 1/2-1/2

[Event "Rated Blitz game"]
[Site "?"]
[Date "2021.05.30"]
[Round "?"]
[White "rouxoliv"]
[Black "blastol"]
[Result "0-1"]
[WhiteElo "2440"]
[BlackElo "2386"]
[PlyCount "58"]
[EventDate "2021.??.??"]
[EventType "blitz"]

1. e4 e5 2. Nf3 d5 3. exd5 Bd6 4. c4 e4 5. Nd4 Nf6 6. Be2 Qe7 7. O-O Qe5 8. g3
Qxd4 9. d3 exd3 10. Bxd3 O-O 11. Nc3 Qg4 12. Be2 Qh3 13. Bf3 Ng4 14. Bxg4 Bxg4
15. f3 Bc5+ 16. Kh1 Bf5 17. Ne4 Bxe4 18. fxe4 Nd7 19. Bf4 Rae8 20. Qf3 Ne5 21.
Bxe5 Rxe5 22. Rae1 Qh5 23. Qxh5 Rxh5 24. Rf4 Re5 25. Kg2 f5 26. Ref1 Rxe4 27.
Rxf5 Rxf5 28. Rxf5 Re2+ 29. Kh3 Rxb2 {Normal} 0-1